[Event "NATO-ch 09th"]
[Site "Portsmouth"]
[Date "1998.10.08"]
[Round "6"]
[White "Messina, Giuseppe Ottavio"]
[Black "Dunlop, Chris"]
[Result "1/2-1/2"]
[WhiteElo "2090"]
[BlackElo "1952"]
[PlyCount "96"]
[EventDate "1998.10.??"]
[EventType "swiss"]
[EventRounds "7"]
[EventCountry "ENG"]
[SourceTitle "EXT 2014"]
[Source "ChessBase"]
[SourceDate "2013.11.20"]
[SourceVersion "1"]
[SourceVersionDate "2013.11.20"]
[SourceQuality "1"]

1. e4 c5 2. Ne2 Nc6 3. c4 g6 4. Nbc3 Bg7 5. g3 Nd4 6. Bg2 d6 7. 0-0 e6 8. d3 Ne7 9. f4 0-0 10. Be3 Nec6 11. Qd2 Rb8 12. Rab1 Qc7 13. g4 f5 14. gxf5 gxf5 15. Ng3 Qf7 16. exf5 Nxf5 17. Nxf5 Qxf5 18. Be4 Qf7 19. Kh1 Kh8 20. Rf3 Nd4 21. Rg3 Bd7 22. Rbg1 Rg8 23. Bg6 Bc6+ 24. Ne4 hxg6 25. Rh3+ Bh6 26. f5 Nxf5 27. Bxh6 Qh7 28. Bg7+ Rxg7 29. Rxh7+ Kxh7 30. Rg4 Rf8 31. Kg1 Bxe4 32. dxe4 Nd4 33. Kg2 Rgf7 34. h4 e5 35. b3 b6 36. h5 gxh5 37. Rg5 Rg8 38. Rxg8 Kxg8 39. Qh6 Rg7+ 40. Kf1 Rf7+ 41. Ke1 h4 42. Qg6+ Rg7 43. Qe8+ Kh7 44. Qh5+ Kg8 45. Qe8+ Kh7 46. Qh5+ Kg8 47. Qe8+ Kh7 48. Qh5+ Kg8 1/2-1/2

[Event "NATO-ch 09th"]
[Site "Portsmouth"]
[Date "1998.10.06"]
[Round "2"]
[White "McInnes, Neil"]
[Black "Messina, Giuseppe Ottavio"]
[Result "0-1"]
[WhiteElo "1887"]
[BlackElo "2090"]
[PlyCount "48"]
[EventDate "1998.10.??"]
[EventType "swiss"]
[EventRounds "7"]
[EventCountry "ENG"]
[SourceTitle "EXT 2014"]
[Source "ChessBase"]
[SourceDate "2013.11.20"]
[SourceVersion "1"]
[SourceVersionDate "2013.11.20"]
[SourceQuality "1"]

1. d4 Nf6 2. Nf3 c5 3. dxc5 e6 4. g3 Bxc5 5. Bg2 d5 6. 0-0 Nc6 7. c3 0-0 8. Nbd2 a5 9. a4 e5 10. Nb3 Bb6 11. Bg5 Be6 12. e4 dxe4 13. Nfd2 h6 14. Bxf6 Qxf6 15. Nxe4 Qe7 16. Ned2 f5 17. Qe2 e4 18. Nc4 Ba7 19. Nbd2 Rfd8 20. Rfe1 Qc5 21. Ne3 Ne5 22. Qb5 Qxb5 23. axb5 Rxd2 24. Rab1 Nc4 0-1